[Event "Lichtenberger Sommer 2024"]
[Site "Berlin"]
[Date "2024.08.15"]
[Round "6.74"]
[White "Bunkens, Rudi"]
[Black "Kandeler, Christian"]
[Result "1/2-1/2"]
[WhiteElo "1739"]
[BlackElo "1869"]
[PlyCount "33"]
[EventDate "2024.08.10"]
[WhiteTeam "Koninklijke Gentse SK"]
[BlackTeam "TSG Oberschöneweide e.V."]

1. d4 Nf6 2. c4 g6 3. g3 c6 4. Bg2 d5 5. Qa4 Nfd7 6. cxd5 Nb6 7. Qb3 cxd5 8.
Nc3 e6 9. Nf3 Bg7 10. O-O O-O 11. Qd1 Nc6 12. Bf4 a6 13. Re1 Nc4 14. b3 Nd6 15.
Ne5 Nxe5 16. Bxe5 Nf5 17. Bxg7 1/2-1/2

[Event "Lichtenberger Sommer 2024"]
[Site "Berlin"]
[Date "2024.08.15"]
[Round "6.75"]
[White "Schacht, Thomas"]
[Black "Kapr, Klaus"]
[Result "0-1"]
[WhiteElo "1704"]
[BlackElo "1862"]
[PlyCount "78"]
[EventDate "2024.08.10"]
[WhiteTeam "BSV 63 Chemie Weißensee"]
[BlackTeam "SC Friesen Lichtenberg e.V."]

1. d4 d5 2. c4 Nc6 3. Nc3 Nf6 4. Nf3 dxc4 5. e3 Bg4 6. Bxc4 e6 7. O-O a6 8. a4
Bd6 9. Bd2 O-O 10. h3 Bh5 11. Qe2 Re8 12. Rad1 Qe7 13. Bc1 Rad8 14. d5 Bxf3 15.
Qxf3 Ne5 16. Qe2 Nxc4 17. Qxc4 exd5 18. Nxd5 Nxd5 19. Rxd5 c6 20. Rd4 Be5 21.
Rg4 h5 22. Rh4 b5 23. axb5 cxb5 24. Qb4 Bd6 25. Qd4 Bh2+ 26. Kxh2 Rxd4 27. Rxd4
Rc8 28. Rfd1 Rc2 29. Rd7 Qc5 30. Rd8+ Kh7 31. R8d5 Qc7+ 32. f4 Rxc1 33. Rxh5+
Kg8 34. Rd4 Rc2 35. Re4 Qc6 36. Rhe5 f5 37. Re8+ Kh7 38. R8e6 Qxe4 39. Rxe4
fxe4 0-1

[Event "Lichtenberger Sommer 2024"]
[Site "Berlin"]
[Date "2024.08.15"]
[Round "6.76"]
[White "Rennspieß, Jens"]
[Black "Zussner, Tim"]
[Result "1/2-1/2"]
[WhiteElo "1839"]
[BlackElo "1679"]
[PlyCount "68"]
[EventDate "2024.08.10"]
[WhiteTeam "SV Berolina Mitte e.V."]
[BlackTeam "SV Empor Berlin e.V."]

1. e4 c5 2. Nf3 e6 3. d4 cxd4 4. Nxd4 Nc6 5. Nc3 a6 6. Be3 Nf6 7. Bd3 Be7 8.
Qe2 d5 9. Nxc6 bxc6 10. Bd4 Bb7 11. e5 Nd7 12. Qg4 O-O 13. Qh3 g6 14. f4 c5 15.
Bf2 Re8 16. O-O c4 17. Be2 Kg7 18. Rae1 Rh8 19. f5 exf5 20. Bd4 f6 21. Qg3 fxe5
22. Bxe5+ Nxe5 23. Qxe5+ Bf6 24. Qg3 Bh4 25. Qe5+ Qf6 26. Qc7+ Qf7 27. Qxf7+
Kxf7 28. g3 Bf6 29. Rd1 Bxc3 30. bxc3 Rhe8 31. Kf2 Rad8 32. Rd2 Ke6 33. Rfd1
Kd6 34. Bxc4 Kc5 1/2-1/2

[Event "Lichtenberger Sommer 2024"]
[Site "Berlin"]
[Date "2024.08.15"]
[Round "6.77"]
[White "Lippianowski, Stefan"]
[Black "Küster, Finn"]
[Result "0-1"]
[WhiteElo "1427"]
[BlackElo "1679"]
[PlyCount "50"]
[EventDate "2024.08.10"]
[WhiteTeam "SV Mattnetz Berlin e.V."]
[BlackTeam "Spandauer SV e.V."]

1. e4 c6 2. Bc4 d5 3. exd5 cxd5 4. Bb5+ Bd7 5. Be2 Nc6 6. Nf3 e5 7. d3 Bc5 8.
c4 Nge7 9. Qc2 Qb6 10. Bd1 O-O 11. Ng5 h6 12. Nh3 Bb4+ 13. Nd2 Nd4 14. Qb1 dxc4
15. a3 Bxd2+ 16. Bxd2 Rac8 17. Bb4 Rfe8 18. Bc2 Nxc2+ 19. Qxc2 cxd3 20. Qxd3
Bb5 21. Qe4 Nc6 22. a4 Bd3 23. a5 Qxb4+ 24. Qxb4 Nxb4 25. f3 Nc2+ 0-1

[Event "Lichtenberger Sommer 2024"]
[Site "Berlin"]
[Date "2024.08.15"]
[Round "6.78"]
[White "Bastian, Reinhard"]
[Black "Jozsa, Lev"]
[Result "0-1"]
[WhiteElo "1803"]
[BlackElo "1505"]
[PlyCount "76"]
[EventDate "2024.08.10"]
[WhiteTeam "vereinslos"]
[BlackTeam "SV Empor Berlin e.V."]

1. e4 c5 2. Nc3 Nc6 3. f4 e6 4. Nf3 d5 5. Bb5 Nge7 6. d3 d4 7. Ne2 Qa5+ 8. Bd2
Qxb5 9. c4 Qb6 10. Kf2 Qd8 11. h4 g6 12. h5 Bg7 13. g4 h6 14. Ng3 e5 15. f5 g5
16. Nxg5 hxg5 17. Bxg5 Qd6 18. Qf3 Bh6 19. Bh4 f6 20. Qe2 Bd7 21. a3 O-O-O 22.
b4 Rdf8 23. Rhb1 Rhg8 24. bxc5 Qxc5 25. Rb5 Qd6 26. Rab1 Nd8 27. c5 Qc7 28.
R5b4 Kb8 29. Nf1 Qxc5 30. Qb2 Bc6 31. Rc4 Qd6 32. Kf3 Nd5 33. Nd2 Bxd2 34. Qxd2
Nc3 35. Rbb4 Bb5 36. Rxc3 dxc3 37. Qxc3 Qxd3+ 38. Qxd3 Bxd3 0-1

[Event "Lichtenberger Sommer 2024"]
[Site "Berlin"]
[Date "2024.08.15"]
[Round "6.79"]
[White "Schmidt, Reinhard"]
[Black "Stein, Siegfried"]
[Result "0-1"]
[WhiteElo "1574"]
[BlackElo "1783"]
[PlyCount "66"]
[EventDate "2024.08.10"]
[WhiteTeam "SK Zehlendorf e.V."]
[BlackTeam "SV Berolina Mitte e.V."]

1. e4 e5 2. Nf3 Nc6 3. c3 f5 4. Bb5 Bc5 5. Bxc6 dxc6 6. d4 fxe4 7. Nxe5 Bd6 8.
Qh5+ g6 9. Nxg6 Nf6 10. Bg5 Nxh5 11. Bxd8 hxg6 12. Bg5 Nf4 13. g3 Nd3+ 14. Kd2
Bf5 15. b4 Nxf2 16. Rf1 Rxh2 17. Ke1 Bxg3 18. Kd2 Nh3+ 19. Kc1 Nxg5 20. Nd2 e3
21. Nc4 Rc2+ 22. Kb1 Rf2+ 23. Kc1 Rxf1+ 24. Kb2 Rxa1 25. Kxa1 e2 26. Kb2 e1=Q
27. Na5 Qd2+ 28. Kb3 Be6+ 29. Nc4 Ne4 30. d5 Bxd5 31. b5 Qxc3+ 32. Ka4 Qxc4+
33. Ka5 Qxb5# 0-1

[Event "Lichtenberger Sommer 2024"]
[Site "Berlin"]
[Date "2024.08.15"]
[Round "6.80"]
[White "Siebert, Marco Leander"]
[Black "Buehring, Stefan"]
[Result "1-0"]
[WhiteElo "1683"]
[BlackElo "1780"]
[PlyCount "55"]
[EventDate "2024.08.10"]
[WhiteTeam "SC Tempo Göttingen"]
[BlackTeam "vereinslos"]

1. e4 c6 2. Nf3 d5 3. Nc3 dxe4 4. Nxe4 Nd7 5. Bc4 Ngf6 6. Neg5 e6 7. Qe2 Nd5 8.
d4 h6 9. Ne4 N7f6 10. c3 Nxe4 11. Qxe4 Nf6 12. Qh4 Be7 13. Qg3 g6 14. Ne5 Bd6
15. Bd3 Bxe5 16. Qxe5 Qe7 17. Bf4 b6 18. O-O-O Bb7 19. f3 Rh7 20. Rhe1 Nh5 21.
Bd2 Qf6 22. a4 Qxe5 23. dxe5 O-O-O 24. Bc2 Rhh8 25. Be3 Rxd1+ 26. Rxd1 Rd8 27.
Rxd8+ Kxd8 28. Bxh6 1-0

[Event "Lichtenberger Sommer 2024"]
[Site "Berlin"]
[Date "2024.08.15"]
[Round "6.81"]
[White "Ollek, Karl-Heinz"]
[Black "Goldmann, Nils"]
[Result "1/2-1/2"]
[WhiteElo "1763"]
[BlackElo "1611"]
[PlyCount "53"]
[EventDate "2024.08.10"]
[WhiteTeam "SC Friesen Lichtenberg e.V."]
[BlackTeam "vereinslos"]

1. c4 Nf6 2. Nc3 c5 3. g3 g6 4. Bg2 Bg7 5. Nf3 O-O 6. O-O Nc6 7. d3 d6 8. Re1
Nh5 9. Rb1 f5 10. e3 e5 11. Nh4 Bf6 12. Bd5+ Kh8 13. Ng2 Nb4 14. Bf3 Ng7 15. a3
Nc6 16. Nd5 Ne8 17. b4 Rb8 18. b5 Ne7 19. Nxf6 Nxf6 20. e4 b6 21. Bb2 Bb7 22.
h4 h5 23. Qd2 Rf7 24. Bc1 Qf8 25. Qh6+ Qxh6 26. Bxh6 Kh7 27. Bg5 1/2-1/2

[Event "Lichtenberger Sommer 2024"]
[Site "Berlin"]
[Date "2024.08.15"]
[Round "6.82"]
[White "Ahmadov, Ahmad"]
[Black "Wahner, Eberhard"]
[Result "0-1"]
[WhiteElo "1620"]
[BlackElo "1775"]
[PlyCount "94"]
[EventDate "2024.08.10"]
[WhiteTeam "SV Empor Berlin e.V."]
[BlackTeam "SC Eintracht Berlin e.V."]

1. e4 e6 2. d4 d5 3. e5 c5 4. c3 Nc6 5. Nf3 Qb6 6. a3 c4 7. Be2 f6 8. exf6 Nxf6
9. Qc2 Qc7 10. O-O Bd6 11. Re1 O-O 12. Nbd2 e5 13. dxe5 Nxe5 14. Nd4 a6 15. h3
Bd7 16. N2f3 Rae8 17. Bg5 Ne4 18. Bh4 Ng6 19. Bg5 Ne5 20. Bh4 Nxf3+ 21. Bxf3
Bc5 22. Bxe4 dxe4 23. Rxe4 Bxd4 24. cxd4 Bf5 25. Rae1 Bxe4 26. Rxe4 b5 27. Qe2
Rxe4 28. Qxe4 Qf7 29. Qc6 Qf4 30. Qd5+ Kh8 31. Bg3 Qf6 32. f4 Rd8 33. Qe5 Qxe5
34. dxe5 Rd1+ 35. Kh2 Rd2 36. e6 Kg8 37. f5 Rxb2 38. Be5 Re2 39. Bc3 Kf8 40.
Bb4+ Ke8 41. Bc3 Rf2 42. Bxg7 Rxf5 43. g4 Rf3 44. Be5 c3 45. Kg2 Rd3 46. Bf6 c2
47. Bg5 Rd1 0-1

[Event "Lichtenberger Sommer 2024"]
[Site "Berlin"]
[Date "2024.08.15"]
[Round "6.83"]
[White "Kopbauer, René"]
[Black "Kaplan, Arne"]
[Result "0-1"]
[WhiteElo "1832"]
[BlackElo "1687"]
[PlyCount "56"]
[EventDate "2024.08.10"]
[WhiteTeam "TSG Oberschöneweide e.V."]
[BlackTeam "Barnimer SF im SV Sta"]

1. e4 c5 2. Nf3 d6 3. c3 Nf6 4. Be2 e6 5. Qc2 Be7 6. d4 cxd4 7. cxd4 d5 8. e5
Nfd7 9. Nc3 a6 10. Bd2 Nc6 11. a3 f6 12. exf6 Nxf6 13. Bd3 O-O 14. Ne2 Bd6 15.
Bg5 h6 16. Bh7+ Kh8 17. Bxf6 Qxf6 18. Bd3 e5 19. dxe5 Nxe5 20. Ned4 Nxf3+ 21.
Nxf3 Re8+ 22. Be2 Bf5 23. Qd2 Rac8 24. Nd4 Be5 25. Nxf5 Bxb2 26. Rb1 Bc3 27.
Ng3 Bxd2+ 28. Kxd2 Qc3+ 0-1

[Event "Lichtenberger Sommer 2024"]
[Site "Berlin"]
[Date "2024.08.15"]
[Round "6.84"]
[White "Schmitz, Christopher"]
[Black "Geiß, Anne"]
[Result "1-0"]
[WhiteElo "1817"]
[BlackElo "1669"]
[PlyCount "101"]
[EventDate "2024.08.10"]
[WhiteTeam "TSG Oberschöneweide e.V."]
[BlackTeam "SC Kreuzberg e.V."]

1. e4 c5 2. Nc3 e6 3. d4 cxd4 4. Qxd4 a6 5. Nf3 Nc6 6. Qe3 Be7 7. Bd2 b5 8. Nd5
exd5 9. exd5 Nf6 10. d6 O-O 11. dxe7 Qxe7 12. h3 Re8 13. O-O-O Qxe3 14. Bxe3 d5
15. g4 Be6 16. Bg2 Rad8 17. Rhe1 Ne4 18. Ng5 Nxg5 19. Bxg5 f6 20. Bh4 Ne5 21.
f4 Ng6 22. Bg3 Bf7 23. Rxe8+ Rxe8 24. Bxd5 Bxd5 25. Rxd5 Re3 26. Rd3 Rxd3 27.
cxd3 Kf7 28. Kd2 Ke7 29. Ke3 Kd6 30. f5+ Ne5 31. d4 Kd5 32. dxe5 fxe5 33. g5 b4
34. f6 gxf6 35. gxf6 Ke6 36. Bh4 h6 37. Ke4 h5 38. f7 Kxf7 39. Kxe5 Kg6 40. Bf2
b3 41. a3 a5 42. Kd5 a4 43. Kc5 Kf7 44. Bh4 Ke8 45. Kb4 Kd7 46. Kxa4 Kc6 47.
Kxb3 Kb5 48. Bg5 Ka5 49. Kc4 Ka4 50. Kd5 Kb3 51. Ke5 1-0

[Event "Lichtenberger Sommer 2024"]
[Site "Berlin"]
[Date "2024.08.15"]
[Round "6.85"]
[White "Vaz da Cruz, Vinicius"]
[Black "Zesewitz, Uwe"]
[Result "1-0"]
[WhiteElo "1768"]
[BlackElo "1629"]
[PlyCount "43"]
[EventDate "2024.08.10"]
[WhiteTeam "SSV Rotation Berlin e.V."]
[BlackTeam "SV SF Friedrichshagen"]

1. e4 d6 2. d4 Nf6 3. Nc3 c6 4. f4 Qa5 5. Bd3 e5 6. Nf3 Bg4 7. Be3 Be7 8. O-O
Nbd7 9. h3 Bxf3 10. Qxf3 O-O-O 11. a3 Rdg8 12. b4 Qd8 13. fxe5 dxe5 14. d5 Kb8
15. dxc6 bxc6 16. Qf2 Qc7 17. Na4 g5 18. Nc5 Ka8 19. Na6 Qb7 20. b5 c5 21. Nxc5
h5 22. Nxb7 1-0

[Event "Lichtenberger Sommer 2024"]
[Site "Berlin"]
[Date "2024.08.15"]
[Round "6.86"]
[White "Mannaberg, Steffen"]
[Black "Müller, Leon"]
[Result "1-0"]
[WhiteElo "1756"]
[BlackElo "1550"]
[PlyCount "83"]
[EventDate "2024.08.10"]
[WhiteTeam "vereinslos"]
[BlackTeam "SV Mattnetz Berlin e.V."]

1. d3 d5 2. e4 dxe4 3. dxe4 Qxd1+ 4. Kxd1 e5 5. Be3 Nf6 6. f3 Bb4 7. c3 Ba5 8.
Bf2 a6 9. Nd2 b5 10. a4 Bb6 11. Bxb6 cxb6 12. axb5 a5 13. Nc4 Nbd7 14. Nh3 O-O
15. Nd6 h6 16. Nf2 Ne8 17. Nf5 Ndf6 18. Ne7+ Kh8 19. Kc2 Bd7 20. Rd1 Ra7 21.
Nd5 Nxd5 22. exd5 Nd6 23. Ne4 Nxb5 24. Bxb5 Bxb5 25. Nd6 Ba6 26. Rhe1 Rd8 27.
Nf5 f6 28. b3 Bc8 29. Ne3 b5 30. c4 Rc7 31. Kc3 Ba6 32. d6 Rc6 33. d7 Rc7 34.
Rd6 b4+ 35. Kb2 Bb7 36. Red1 Bc6 37. Nd5 Bxd5 38. R1xd5 Ra7 39. c5 a4 40. bxa4
Rxa4 41. Re6 Kh7 42. Re8 1-0

[Event "Lichtenberger Sommer 2024"]
[Site "Berlin"]
[Date "2024.08.15"]
[Round "6.87"]
[White "Bashirova, Sona"]
[Black "Hauer, Benno"]
[Result "0-1"]
[WhiteElo "1652"]
[BlackElo "1733"]
[PlyCount "74"]
[EventDate "2024.08.10"]
[WhiteTeam "SV Empor Berlin e.V."]
[BlackTeam "SVG Saarbrücken 1970 e.V."]

1. e4 c5 2. c3 d5 3. exd5 Qxd5 4. Nf3 Nc6 5. Na3 Bg4 6. Be2 Nf6 7. h3 Bh5 8.
O-O e6 9. d4 cxd4 10. Nb5 Qd8 11. Nbxd4 Nxd4 12. Nxd4 Bg6 13. Bb5+ Nd7 14. f4
a6 15. Ba4 Bc5 16. Kh1 O-O 17. Nxe6 fxe6 18. Qxd7 Qh4 19. Qxe6+ Bf7 20. Qe1 Qh5
21. Bb3 Bxb3 22. axb3 Rae8 23. Qd1 Re2 24. Re1 Rxe1+ 25. Qxe1 Re8 26. Qd2 Bb6
27. b4 Re2 28. Qd1 Qe8 29. Bd2 Rf2 30. Qb3+ Kh8 31. Re1 Qc6 32. Rg1 Rxd2 33.
Qf7 h6 34. Qf8+ Kh7 35. Qf5+ Kg8 36. Qe5 Bxg1 37. Qb8+ Kh7 0-1

[Event "Lichtenberger Sommer 2024"]
[Site "Berlin"]
[Date "2024.08.15"]
[Round "6.88"]
[White "Majewski, Nico"]
[Black "Giehl, Juergen"]
[Result "1/2-1/2"]
[WhiteElo "1623"]
[BlackElo "1728"]
[PlyCount "126"]
[EventDate "2024.08.10"]
[WhiteTeam "ESV Lok Falkenberg e.V."]
[BlackTeam "SV Multatuli Ingelheim e.V."]

1. Nf3 d5 2. c4 Nf6 3. cxd5 Nxd5 4. e4 Nb6 5. d4 Bg4 6. Be2 e6 7. O-O Be7 8.
Nc3 O-O 9. Bf4 a6 10. Qd2 Nc6 11. Rfd1 Bf6 12. d5 Bxf3 13. Bxf3 exd5 14. exd5
Ne5 15. Bxe5 Bxe5 16. Rac1 Qh4 17. g3 Qf6 18. Bg2 Rad8 19. f4 Bxc3 20. bxc3 Nc4
21. Qd4 Qxd4+ 22. Rxd4 b5 23. Bf1 Ne3 24. c4 bxc4 25. Bxc4 a5 26. Bb3 Rc8 27.
Ba4 Rfd8 28. Bc6 Rd6 29. Rc5 Rcd8 30. Rxa5 Nf5 31. Rda4 Ne7 32. Ra8 Nxc6 33.
dxc6 Kf8 34. Rxd8+ Rxd8 35. Ra7 Rc8 36. Kf2 Ke7 37. Ra3 Rb8 38. Rd3 Rb2+ 39.
Ke3 Rxa2 40. Rd7+ Ke6 41. Rxc7 Rc2 42. Kd3 Rc1 43. Kd4 g6 44. Rc8 h5 45. Re8+
Kd6 46. Rf8 Ke6 47. Re8+ Kd6 48. Rc8 Rc2 49. c7 Kd7 50. Rf8 Kxc7 51. Rxf7+ Kd8
52. Rg7 Rxh2 53. Rxg6 Ke7 54. Ke5 Kf7 55. f5 Rg2 56. Rh6 Rxg3 57. Rxh5 Re3+ 58.
Kf4 Re1 59. Rh7+ Kf6 60. Rh6+ Kg7 61. Rc6 Rf1+ 62. Ke5 Re1+ 63. Kd6 Kf6 1/2-1/2

[Event "Lichtenberger Sommer 2024"]
[Site "Berlin"]
[Date "2024.08.15"]
[Round "6.89"]
[White "Lippert, Marc"]
[Black "Abobreik, Salem"]
[Result "1/2-1/2"]
[WhiteElo "1450"]
[BlackElo "1725"]
[PlyCount "82"]
[EventDate "2024.08.10"]
[WhiteTeam "SVG Läufer Reinickendorf e.V."]
[BlackTeam "Spandauer SV e.V."]

1. e4 c6 2. d4 d5 3. exd5 cxd5 4. Bd3 Nc6 5. c3 Nf6 6. Bf4 e6 7. Nf3 Bd6 8. Ne5
Qc7 9. Qe2 O-O 10. O-O Nd7 11. Re1 Re8 12. Qh5 g6 13. Qe2 f6 14. Nxd7 Bxd7 15.
Bxd6 Qxd6 16. Qf3 e5 17. Qg3 f5 18. Bb5 Nxd4 19. Bxd7 Qxd7 20. cxd4 e4 21. Qb3
Qc6 22. Nd2 Rac8 23. Nf1 Qc4 24. Qxb7 Rb8 25. Qxa7 Rxb2 26. Ne3 Qd3 27. Nxd5
Kf8 28. Qc5+ Kf7 29. Qc7+ Kf8 30. Rad1 Qa3 31. Ra1 Rd2 32. Qc4 Rb8 33. Qc3 Qxc3
34. Nxc3 Rxd4 35. a4 Rb2 36. Re3 Rdd2 37. Rf1 Rb7 38. Ra1 Ra7 39. a5 Ke7 40.
Nb5 Rxa5 41. Ree1 Rxb5 1/2-1/2

[Event "Lichtenberger Sommer 2024"]
[Site "Berlin"]
[Date "2024.08.15"]
[Round "6.90"]
[White "Dittrich, Hans-Jürgen"]
[Black "Liu, Peilin"]
[Result "1/2-1/2"]
[WhiteElo "1573"]
[BlackElo "1608"]
[PlyCount "83"]
[EventDate "2024.08.10"]
[WhiteTeam "SC Eintracht Berlin e.V."]
[BlackTeam "SVG Saarbrücken 1970 e.V."]

1. d4 d5 2. Nf3 Nf6 3. Bf4 c6 4. e3 Bf5 5. Bd3 Bxd3 6. Qxd3 e6 7. c3 Nbd7 8.
Nbd2 Rc8 9. Ne5 Nxe5 10. Bxe5 c5 11. Qb5+ Qd7 12. Qxd7+ Nxd7 13. Bg3 Nb6 14. b3
cxd4 15. exd4 Rxc3 16. O-O Bb4 17. Nf3 Rd3 18. Rfd1 Rxd1+ 19. Rxd1 O-O 20. Rc1
Rc8 21. Rxc8+ Nxc8 22. Kf1 Bd6 23. Bxd6 Nxd6 24. Ke2 f5 25. a4 h6 26. h4 Nf7
27. b4 Kf8 28. Kd3 Ke7 29. Ne5 Nxe5+ 30. dxe5 b6 31. b5 Kf7 32. Kc3 g5 33. h5
Ke7 34. Kd4 Kd7 35. Ke3 Kc7 36. Kd3 Kb7 37. g3 a6 38. f3 Kc7 39. Kd4 f4 40. g4
Kd7 41. Kd3 a5 42. Kd4 1/2-1/2